Biodiversity net gain (BNG) and nutrient mitigation: (Record no. 121399)

MARC details
000 -LEADER
fixed length control field 00997nam a22001937a 4500
008 - FIXED-LENGTH DATA ELEMENTS--GENERAL INFORMATION
fixed length control field 230320b2023 xxk||||| ||||f00| 0 eng d
041 ## - LANGUAGE CODE
Language code of text/sound track or separate title eng
245 ## - TITLE STATEMENT
Title Biodiversity net gain (BNG) and nutrient mitigation:
Subtitle Combining environmental payments
Medium [Electronic resource]
260 ## - PUBLICATION INFORMATION
Publisher Department for Environment, Food & Rural Affairs
Date 21 February 2023
520 ## - ABSTRACT
Abstract Department for Environment, Food and Rural Affairs guidance, part of the biodiversity net gain collection, details how land managers can combine biodiversity units and nutrient credits, and sell them alongside other environmental payments.
650 ## - KEYWORDS
Keywords BIODIVERSITY NET GAIN
650 ## - KEYWORDS
Keywords LAND
650 ## - KEYWORDS
Keywords BIODIVERSITY CREDITS
651 ## - SUBJECT ADDED ENTRY--GEOGRAPHIC NAME
Geographic name United Kingdom
690 ## - BROAD SUBJECT
9 (RLIN) 6238
Broad subject Environment
710 ## - ADDED CORPORATE NAME
Added corporate author Department for Environment, Food and Rural Affairs
856 ## - ONLINE RESOURCE
Uniform Resource Identifier <a href="https://www.gov.uk/guidance/combining-environmental-payments-biodiversity-net-gain-bng-and-nutrient-mitigation">https://www.gov.uk/guidance/combining-environmental-payments-biodiversity-net-gain-bng-and-nutrient-mitigation</a>
Public note Available on GOV.UK
942 ## - ADDED ENTRY ELEMENTS (KOHA)
Suppress in OPAC Do not suppress in OPAC
Holdings
Lost status Damaged status Not for loan Home library Current library Shelving location Date acquired Total Checkouts Date last seen Price effective from Koha item type
      Virtual Virtual Online 20/03/2023   20/03/2023 20/03/2023 Online material